Social statistics : (Record no. 2328)

MARC details
000 -LEADER
fixed length control field 01121cam a22001934a 4500
020 ## - INTERNATIONAL STANDARD BOOK NUMBER
ISBN 0205395082
020 ## - INTERNATIONAL STANDARD BOOK NUMBER
ISBN 9780205395082
020 ## - INTERNATIONAL STANDARD BOOK NUMBER
ISBN 9780205395088
050 00 - CALL NUMBER
Classification number HA32
Item number .K33
100 1# - AUTHOR
Personal name Kendrick, J. Richard.
245 10 - TITLE
Title Social statistics :
Remainder of title an introduction using SPSS for Windows /
Statement of responsibility, etc J. Richard Kendrick, Jr.
250 ## - EDITION
Edition statement 2nd ed.
260 ## - PUBLICATION INFORMATION
Place of publication Boston :
Name of publisher Pearson/Allyn and Bacon,
Year of publication c2005.
300 ## - DESCRIPTION
Number of Pages xvii, 558 p. :
Other physical details ill. ;
Dimensions 28 cm. +
Accompanying material 1 CD-ROM (4 3/4 in.)
500 ## - NOTES
General note An instructor's manual and data disc are available to supplement the text.
505 ## - FORMATTED CONTENTS NOTE
Table of Content Getting started: fundamentals of research design --<br/>Levels of measurement --<br/>Creating and SPSS data file --<br/>Analysing frequency distributions --<br/>Measures of central tendency --<br/>Measures of dispersion --<br/>An introduction to making inferences --<br/>Making inferences for single variables --<br/>Analyzing contingency tables --<br/>Measures of association for contingency tables --<br/>Summary --<br/>Key concepts --<br/>Answers to skills practices --<br/>General exercises --<br/>SPSS exercises.
650 #0 - SUBJECTS
Topical Term Social sciences
General subdivision Statistical methods.
942 ## - ADDED ENTRY ELEMENTS (KOHA)
Koha item type Books
Holdings
Withdrawn status Lost status Collection code Home library Current library Shelving location Date acquired Full call number Accession Number Copy number Koha item type
    Reference Methodist University Library Main Methodist University Library Main General Stacks   HA32 .K33 4084 1 Books
Copyright © 2026  MUG Library